ARRUPE JESUIT UNIVERSITY

CORONAVIRUS -STOP THE SPREAD - CLEAN,DISINFECT,COVER

Unleashing India's innovation : (Record no. 127801)

MARC details
000 -LEADER
fixed length control field 01966cam a2200361 a 4500
001 - CONTROL NUMBER
control field 14901777
003 - CONTROL NUMBER IDENTIFIER
control field ARRUPE
005 - DATE AND TIME OF LATEST TRANSACTION
control field 20180326121832.0
008 - FIXED-LENGTH DATA ELEMENTS--GENERAL INFORMATION
fixed length control field 070625s2007 dcua b i001 0 eng
010 ## - LIBRARY OF CONGRESS CONTROL NUMBER
LC control number 2007026343
020 ## - INTERNATIONAL STANDARD BOOK NUMBER
International Standard Book Number 9780821371978
020 ## - INTERNATIONAL STANDARD BOOK NUMBER
International Standard Book Number 0821371975
020 ## - INTERNATIONAL STANDARD BOOK NUMBER
International Standard Book Number 9780821371985 (electronic)
020 ## - INTERNATIONAL STANDARD BOOK NUMBER
International Standard Book Number 0821371983 (electronic)
035 ## - SYSTEM CONTROL NUMBER
System control number (OCoLC)ocn153597857
035 ## - SYSTEM CONTROL NUMBER
System control number (OCoLC)153597857
040 ## - CATALOGING SOURCE
Original cataloging agency DLC
Transcribing agency DLC
Modifying agency BAKER
-- BTCTA
-- YDXCP
-- C#P
-- BWX
-- SZR
-- DLC
043 ## - GEOGRAPHIC AREA CODE
Geographic area code a-ii---
050 00 - LIBRARY OF CONGRESS CALL NUMBER
Classification number HC435.3
Item number .U55 2007
082 00 - DEWEY DECIMAL CLASSIFICATION NUMBER
Classification number 338.954/07
Edition number 22
300 ## - PHYSICAL DESCRIPTION
Other physical details ill.
Dimensions 26 cm.
245 00 - TITLE STATEMENT
Title Unleashing India's innovation :
Remainder of title toward sustainable and inclusive growth /
Statement of responsibility, etc Mark A. Dutz, editor.
260 ## - PUBLICATION, DISTRIBUTION, ETC. (IMPRINT)
Place of publication, distribution, etc Washington D.C. :
Name of publisher, distributor, etc World Bank,
Date of publication, distribution, etc c2007.
300 ## - PHYSICAL DESCRIPTION
Extent xviii, 205 p. :
504 ## - BIBLIOGRAPHY, ETC. NOTE
Bibliography, etc Includes bibliographical references (p. 193-196) and index.
505 0# - FORMATTED CONTENTS NOTE
Formatted contents note Overview: Toward an action agenda for innovation / Mark A. Dutz -- The Indian context and enabling environment / Mark A. Dutz and Carl Dahlman -- Creating and commercializing knowledge / Carl Dahlman,Mark A. Dutz, and Vinod K. Goel -- Diffusing and absorbing knowledge / Vinod K. Goel, Carl Dahlman, and Mark A. Dutz -- Promoting inclusive innovation / -- Strengthening skills and education for innovation -- Upgrading information infrastructure -- Enhancing innovation finance.
650 #0 - SUBJECT ADDED ENTRY--TOPICAL TERM
Topical term or geographic name as entry element Sustainable development
Geographic subdivision India.
9 (RLIN) 41063
651 #0 - SUBJECT ADDED ENTRY--GEOGRAPHIC NAME
Geographic name India
General subdivision Economic policy
Chronological subdivision 1991-
9 (RLIN) 41064
651 #0 - SUBJECT ADDED ENTRY--GEOGRAPHIC NAME
Geographic name India
General subdivision Economic conditions
Chronological subdivision 1991-
9 (RLIN) 41065
700 1# - ADDED ENTRY--PERSONAL NAME
Personal name Dutz, Mark Andrew.
9 (RLIN) 41066
710 2# - ADDED ENTRY--CORPORATE NAME
Corporate name or jurisdiction name as entry element World Bank.
9 (RLIN) 10370
856 41 - ELECTRONIC LOCATION AND ACCESS
Materials specified Table of contents only
Uniform Resource Identifier <a href="http://www.loc.gov/catdir/toc/ecip0721/2007026343.html">http://www.loc.gov/catdir/toc/ecip0721/2007026343.html</a>
906 ## - LOCAL DATA ELEMENT F, LDF (RLIN)
a 7
b cbc
c orignew
d 1
e ecip
f 20
g y-gencatlg
942 ## - ADDED ENTRY ELEMENTS (KOHA)
Source of classification or shelving scheme Library of Congress Classification
Koha item type Monograph ( Printed materials)
Holdings
Withdrawn status Lost status Source of classification or shelving scheme Damaged status Not for loan Collection code Home library Current library Shelving location Date acquired Total Checkouts Full call number Barcode Date last seen Date checked out Price effective from Koha item type
    Library of Congress Classification     Main Collection ARRUPE LIBRARY ARRUPE LIBRARY Main Collection 26/03/2018 1 HC435.3 .U55 2007 46600001930 03/05/2024 11/03/2020 26/03/2018 Monograph ( Printed materials)

 

Arrupe Library. PO Box MP320 Mt Pleasant, Harare, Zimbabwe
263 242 745411|librarian@aju.ac.zw